=LDR 00000nam 2200000 4500 =001 INLIS000000000008909 =005 20130612100730 =008 ***********************************Ind** =035 ##$$0010-061300000008909 =041 ##$$a Ind =082 ##$$a 636.39 =090 ##$$a 636.39, Mul c =100 ##$$a Mulyana, Wahyu =245 ##$$a Cara Berternak Kambing, Wahyu Mulyana =260 ##$$a 2001 $b Semarang =300 ##$$a vi, 52 hlm, ilus, 21 cm =650 ##$$a Kambing =850 ##$$a NBPNMAT